000 00393nam a2200157Ia 4500
008 240729s9999 xx 000 0 und d
022 _a2721-5989
245 0 _aBabali Nursing Research
260 _aIndonesia
260 _bBabali Health
650 _a Nursing
650 _aMedicine
856 _uhttps://doaj.org/toc/d613df8a7698411cbbe488bbd67ff424
942 _2ddc
942 _cDOAJEJ
999 _c68153
_d68153
945 _a1
_bMadushi Gamage
_c1
_dMadushi Gamage